Normal view
MARC view
Entry Corporate Name
001 - CONTROL NUMBER
- control field: 33604
003 - CONTROL NUMBER IDENTIFIER
- control field: dpl
005 - DATE AND TIME OF LATEST TRANSACTION
- control field: 20110824170827.0
008 - FIXED-LENGTH DATA ELEMENTS
- fixed length control field: 110824|||a|||||| | ||| d
040 ## - CATALOGING SOURCE
- Original cataloging agency: dpl
- Transcribing agency: dpl
110 ## - HEADING--CORPORATE NAME
- Corporate name or jurisdiction name as entry element: Offspring (Musical group)
670 ## - SOURCE DATA FOUND
- Source citation: Work cat.: (dpl)0: Me, myself & Irene /, 2007.
670 ## - SOURCE DATA FOUND
- Source citation: Work cat.: (dpl)0: Me, myself & Irene /, 2007.
